Revista de administración pública. (Registro nro. 36791)
[ vista simple ]
| 000 -CABECERA | |
|---|---|
| campo de control de longitud fija | 00937nas a2200217 4500 |
| 001 - NÚMERO DE CONTROL | |
| campo de control | 000037301 |
| 003 - IDENTIFICADOR DEL NÚMERO DE CONTROL | |
| campo de control | DLC |
| 005 - FECHA Y HORA DE LA ÚLTIMA TRANSACCIÓN | |
| campo de control | 20240830114457.0 |
| 008 - DATOS DE LONGITUD FIJA--INFORMACIÓN GENERAL | |
| campo de control de longitud fija | 100111c20119999dr fr1p dd 0 0eng d |
| 040 ## - FUENTE DE LA CATALOGACIÓN | |
| Centro catalogador/agencia de origen | DO-SdBNP |
| Lengua de catalogación | spa |
| Centro/agencia transcriptor | BNPHU |
| 043 ## - CÓDIGO DE ÁREA GEOGRÁFICA | |
| Código de área geográfica | nwdr |
| 130 1# - ENTRADA PRINCIPAL--TÍTULO UNIFORME | |
| Título uniforme | Revista de administración pública (República Dominicana ) |
| 9 (RLIN) | 63751 |
| 222 #0 - TÍTULO CLAVE | |
| Título clave | Revista de administración pública |
| Información calificativa | (República Dominicana ) |
| 245 00 - MENCIÓN DE TÍTULO | |
| Título | Revista de administración pública. |
| 260 ## - PUBLICACIÓN, DISTRIBUCIÓN, ETC. | |
| Lugar de publicación, distribución, etc. | Santo Domingo : |
| Nombre del editor, distribuidor, etc. | Ministerio de Administración Pública, |
| Fecha de publicación, distribución, etc. | 2011. |
| 300 ## - DESCRIPCIÓN FÍSICA | |
| Extensión | v. ; |
| Dimensiones | 23 cm. |
| 310 ## - PERIODICIDAD ACTUAL | |
| Periodicidad actual | Semestral |
| 362 1# - FECHAS DE PUBLICACIÓN Y/O DESIGNACIÓN SECUENCIAL | |
| Fecha de publicación y/o designación secuencial | año, 5. no. 5 2011 |
| 500 ## - NOTA GENERAL | |
| Nota general | La Oficina Nacional de Administración y Personal (ONAP) ha cambiado de nombre a Secretaría de Estado de Administración Pública (SEAP) A partir de la aprobación en el 2010 de la reforma de la Constitución todas las Secretarías pasaron a ser Ministerios, ahora es (MAP) |
| 942 ## - ELEMENTOS DE PUNTO DE ACCESO ADICIONAL (KOHA) | |
| Fuente del sistema de clasificación o colocación | Dewey Decimal Classification |
| Tipo de ítem Koha | Publicación periódica |
No hay ítems disponibles.
